书目信息 |
| 题名: |
实用汽车电工手册
|
|
| 作者: | 凌永成 , 李雪飞 主编 | |
| 分册: | ||
| 出版信息: | 北京 清华大学出版社 2008.11 |
|
| 页数: | 1153页 | |
| 开本: | 20cm | |
| 丛书名: | ||
| 单 册: | ||
| 中图分类: | U463.6-62 | |
| 科图分类: | ||
| 主题词: | 汽车工程 | |
| 电子资源: | ||
| ISBN: | 978-7-302-18449-2 | |
| 000 | 00681nam0 2200229 45 | |
| 001 | 1135279201 | |
| 005 | 20110827121506.45 | |
| 010 | @a978-7-302-18449-2@dCNY140.00 | |
| 100 | @a20110620d2008 ekmy0 y0120 ea | |
| 102 | @aCN@b130000 | |
| 102 | @aCN@b110000 | |
| 105 | @ay z 000yy | |
| 200 | 1 | @a实用汽车电工手册@f凌永成, 李雪飞主编@Fling yong cheng,li xue fei zhu bian |
| 210 | @a北京@c清华大学出版社@d2008.11 | |
| 215 | @a1153页@d20cm | |
| 606 | 0 | @a汽车工程 |
| 690 | @aU463.6-62@v4 | |
| 701 | 0 | @a凌永成@Aling yong cheng@4主编 |
| 701 | 0 | @a李雪飞@Ali xue fei@4主编 |
| 801 | 0 | @aCN@b安徽儒林@c20110827 |
| 905 | @a10447@dU463.6-62@eL566 | |
| 906 | @cQH@dCNY140.00@n5@r1 | |
| 实用汽车电工手册/凌永成, 李雪飞主编.-北京:清华大学出版社,2008.11 |
| 1153页;20cm |
| ISBN 978-7-302-18449-2:CNY140.00 |
| ● |
| 相关链接 |
|
|
|
正题名:实用汽车电工手册
索取号:U463.6-62/L566
 
预约/预借
| 序号 | 登录号 | 条形码 | 馆藏地/架位号 | 状态 | 备注 |
| 1 | 842523 | 208425239 | 期刊室512/501自科库 56排1列2层/ [索取号:U463.6-62/L566] | 在馆 | |
| 2 | 842528 | 208425284 | 自科库501/501自科库 56排3列2层/ [索取号:U463.6-62/L566] | 在馆 | |
| 3 | 842529 | 208425293 | 自科库501/501自科库 56排3列2层/ [索取号:U463.6-62/L566] | 在馆 | |
| 4 | 842530 | 208425300 | 期刊室512/501自科库 56排1列2层/ [索取号:U463.6-62/L566] | 在馆 |